| 000 | 01172cjm a22003491a 4500 | ||
|---|---|---|---|
| 001 | 13714243 | ||
| 005 | 20201124142545.0 | ||
| 007 | sd fsngnnmmned | ||
| 008 | 040909p20031969nyurcn eng d | ||
| 010 | _a 2004597860 | ||
| 024 | 1 | _a724359571324 | |
| 024 | 1 | 0 | _a724359571324 |
| 035 | _a(DLC) 2004597860 | ||
| 035 | _a(OCoLC)ocm53454165 | ||
| 040 |
_aGEC _cGEC _dJED _dOCLCQ _dDLC |
||
| 042 | _alcderive | ||
| 050 | 0 | 0 | _aSDB 07008 |
| 082 |
_a783.242166 _bBEA _222 |
||
| 245 | 1 | 0 |
_aLet It Be / _cThe Beatles |
| 260 |
_aHollywood : _bParlophone, [1987], 1970. _c[1987], 1970. |
||
| 300 |
_a1sound disc: _bdigital ; _c4 3/4 in. |
||
| 500 | _aAudiovisuals. | ||
| 500 | _aCompact discs. | ||
| 505 | 0 | 0 | _tTwo of us -- Dig a pony -- Across the universe -- I me mine -- Dig it -- Let it be -- Maggie Mae -- I've got a feeling -- One after 909 -- The long and winding road -- For you blue -- Get back. |
| 511 | 0 | _aPerformed by Beatles | |
| 700 |
_914242 _aLennon, John |
||
| 700 |
_914243 _aMcCartney, Paul |
||
| 700 |
_914244 _aHarrison, George |
||
| 700 |
_914245 _aStarr, Ringo |
||
| 942 |
_2ddc _cCDR |
||
| 999 |
_c10331 _d10331 |
||